000 00348nam a22001337a 4500
003 SGT
082 _a615
_bA11M
100 _aMINISTRY OF HEALTH & FAMILY WELFARE.
245 _aTHE AYURVEDIC PHARMACOPIA OF INDIA-2
260 _aDELHI
_bMINISTRY OF HEALTH & FAMILY WELFARE.
_c2011
300 _a291
650 _aAYURVEDA PHARMACOPIA
942 _2ddc
_cBK
999 _c8629
_d8629